| 000 | 02050cam a22004457a 4500 | ||
|---|---|---|---|
| 003 | CHAP | ||
| 005 | 20220329133653.0 | ||
| 008 | 971013s1993 r 00010 d | ||
| 010 | _a9292 | ||
| 011 | _a10264 | ||
| 035 | _a9501 | ||
| 040 | _cCHAP | ||
| 082 |
_a630.83 _bM49c 1991 Col. |
||
| 110 |
_aInstituto Nacional de Estadística, Geografía e Informática. México _959304 |
||
| 245 | 0 | _aCenso agropecuario, 1991 (7) : Colima resultados definitivos | |
| 260 |
_aAguascalientes, Ags. : _bINEGI, _c1993- |
||
| 300 | _av. | ||
| 500 | _aLa biblioteca tiene: v.1 Censo ejidal. -- v.2 Censo agropecuario. -- v.3 Censo Agrícola- Ganadero | ||
| 590 |
_aBATCH-UPD _b10 _c20130110 _lUCH01 _h1657 |
||
| 590 |
_aBATCH-UPD _b10 _c20130410 _lUCH01 _h1045 |
||
| 590 |
_aBATCH-UPD _b10 _c20130914 _lUCH01 _h0707 |
||
| 590 |
_aCONVERSION _b10 _c20130109 _lUCH01 _h1306 |
||
| 650 | 1 | 4 |
_aAgricultura _xEstadisticas _zColima. _91450 |
| 650 | 1 | 4 |
_aBosques _xColima. _914112 |
| 650 | 1 | 4 |
_aEjidos _xColima. _936011 |
| 650 | 1 | 4 |
_aGanadería _xEstadísticas _zColima. _944709 |
| 650 | 1 | 4 |
_aMaquinaria agrícola _xEstadísticas. _971170 |
| 650 | 1 | 4 |
_aProductos agrícolas _xEstadísticas. _991939 |
| 650 | 1 | 4 |
_aProductos pecuarios _xEstadísticas. _992167 |
| 901 | _aBK | ||
| 942 | _cLIBRO | ||
| 949 |
_a630.83 M49c 1991 Col. _bBC _cINEGI _d33724000538096 _eINEGI _fv.3 c.3 _h87375 _i9501 _si |
||
| 949 |
_a630.83 M49c 1991 Col. _bBC _cINEGI _d33724000558789 _eINEGI _fv.3 c.2 _h87374 _i9501 _si |
||
| 949 |
_a630.83 M49c 1991 Col. _bBC _cINEGI _d33724000559308 _eINEGI _fv.3 _h87373 _i9501 _si |
||
| 949 |
_a630.83 M49c 1991 Col. _bBC _cINEGI _d33724000559613 _eINEGI _fv.1 c.3 _gI. c/e _h85746 _i9501 _sb |
||
| 949 |
_a630.83 M49c 1991 Col. _bBC _cINEGI _d33724000559621 _eINEGI _fv.1 c.2 _gI. c/e _h85745 _i9501 _sb |
||
| 949 |
_a630.83 M49c 1991 Col. _bBC _cINEGI _d33724000612289 _eINEGI _fv.2 c.2 _h87372 _i9501 _si |
||
| 949 |
_a630.83 M49c 1991 Col. _bBC _cINEGI _d33724000678603 _eINEGI _fv.2 _h87371 _i9501 _si |
||
| 949 |
_a630.83 M49c 1991 Col. _bBC _cINEGI _d33724000749297 _eINEGI _fv.1 _gI. c/e _h85744 _i9501 _sb |
||
| 999 |
_c9292 _d9292 |
||